[Event "FICS rated blitz game"]
[Site "FICS freechess.org"]
[Date "2018.01.08"]
[Round "?"]
[White "Daoda"]
[Black "JunnuK"]
[Result "1-0"]
[WhiteElo "1445"]
[BlackElo "1522"]
[PlyCount "85"]
[EventDate "2018.??.??"]
[EventType "blitz"]

1. e4 e5 2. Nf3 Nc6 3. c3 Nf6 4. d4 Nxe4 5. d5 Ne7 6. Nxe5 d6 7. Qa4+ Bd7 8.
Qxe4 dxe5 9. Qxe5 f6 10. Qd4 Bf5 11. Bb5+ c6 12. Bc4 Bxb1 13. Rxb1 Nxd5 14.
Bxd5 Qxd5 15. Qxd5 cxd5 16. Be3 O-O-O 17. Ke2 Bd6 18. Rhd1 Bb8 19. Rd2 Kc7 20.
Rbd1 Kc6 21. a4 Rhe8 22. b4 a6 23. Kf3 f5 24. c4 f4 25. Bc5 g5 26. Rxd5 Rxd5
27. Rxd5 h6 28. g3 fxg3 29. hxg3 b6 30. Be3 Re5 31. Rxe5 Bxe5 32. Ke4 Bc3 33.
b5+ axb5 34. cxb5+ Kb7 35. Kf5 Bb4 36. Kg6 Bf8 37. Bd4 Kc7 38. Bg7 Be7 39. Bxh6
g4 40. Kf5 Kd6 41. Kxg4 Kc5 42. Bd2 Kc4 43. a5 1-0

[Event "FICS rated blitz game"]
[Site "FICS freechess.org"]
[Date "2018.01.08"]
[Round "?"]
[White "HotCarl"]
[Black "CatoX"]
[Result "1-0"]
[WhiteElo "1410"]
[BlackElo "1315"]
[PlyCount "109"]
[EventDate "2018.??.??"]
[EventType "blitz"]

1. e4 e5 2. Nf3 Nc6 3. c3 Nf6 4. Bc4 h6 5. Qb3 Qe7 6. O-O Na5 7. Qa4 Nxc4 8.
Qxc4 d6 9. d4 a6 10. dxe5 dxe5 11. Nbd2 c5 12. a3 Bd7 13. b4 Bb5 14. Qb3 Bxf1
15. Nxf1 Nxe4 16. Ng3 Nxg3 17. hxg3 Qd6 18. Be3 Qf6 19. Re1 Bd6 20. bxc5 Bc7
21. Qxb7 O-O 22. Qxc7 e4 23. Nd4 Rac8 24. Qa5 Qe5 25. Qxa6 Ra8 26. Qb6 Rxa3 27.
Qb4 Raa8 28. Nc6 Qe6 29. Nd4 Qd7 30. c6 Qc7 31. Qc5 Ra5 32. Qc4 Kh8 33. Bf4 Qc8
34. Rxe4 f5 35. Re7 Ra1+ 36. Kh2 Re8 37. Rxe8+ Qxe8 38. Nxf5 Qh5+ 39. Nh4 g5
40. Qd4+ Kg8 41. Qd5+ Kf8 42. Bd6+ Kg7 43. Qe5+ Kf7 44. Qf5+ Ke8 45. Qg6+ Qxg6
46. Nxg6 Ra6 47. Ne5 Kd8 48. Bf8 Ke8 49. Bxh6 Ke7 50. Bxg5+ Ke6 51. f4 Rxc6 52.
Nxc6 Kd5 53. Ne7+ Kc4 54. f5 Kxc3 55. f6 {Black resigns} 1-0

[Event "FICS rated blitz game"]
[Site "FICS freechess.org"]
[Date "2018.01.08"]
[Round "?"]
[White "TheOldgit"]
[Black "MartinJD"]
[Result "1/2-1/2"]
[WhiteElo "1161"]
[BlackElo "1213"]
[PlyCount "135"]
[EventDate "2018.??.??"]
[EventType "blitz"]

1. e4 e5 2. Nf3 Nc6 3. c3 a6 4. d4 d6 5. dxe5 dxe5 6. Qxd8+ Kxd8 7. Bc4 h6 8.
Bxf7 Nf6 9. Nbd2 Bc5 10. O-O Bg4 11. h3 Bxf3 12. gxf3 Rf8 13. Bg6 Ne7 14. Bf5
g6 15. Bg4 c6 16. Rd1 Kc7 17. Nc4 h5 18. Be6 Nxe4 19. Nxe5 Ng5 20. Rd7+ Kb6 21.
Nc4+ Ka7 22. Bxg5 Rxf3 23. Rf1 Rg3+ 24. Kh2 Rxg5 25. Na5 Rb8 26. f4 Bd6 27.
Rxd6 Rxa5 28. b4 Nf5 29. bxa5 Nxd6 30. Rd1 Ne4 31. c4 Nc3 32. Rd2 Ne4 33. Rd4
Nc3 34. c5 Re8 35. Bf7 Re2+ 36. Kg1 Nxa2 37. Bxg6 h4 38. f5 Nc3 39. f6 Re6 40.
Rxh4 Rxf6 41. Bh5 Rh6 42. Kg2 Nd5 43. Kg3 Nf6 44. Bg4 Rg6 45. Kf3 Kb8 46. Rh8+
Kc7 47. Bf5 Rg8 48. Rxg8 Nxg8 49. h4 Kd8 50. h5 Ke8 51. Kg4 Ne7 52. h6 Kf8 53.
Be6 Ng6 54. Bc8 Ne5+ 55. Kh5 Nd3 56. Bxb7 Nxc5 57. Bxc6 Nb3 58. Bb7 Nxa5 59.
Kg6 Kg8 60. Bd5+ Kh8 61. Be4 Nc4 62. Bb7 a5 63. Bd5 Nb2 64. h7 a4 65. Ba2 a3
66. Bg8 Na4 67. Ba2 Nc3 68. Be6 1/2-1/2

[Event "FICS rated lightning game"]
[Site "FICS freechess.org"]
[Date "2018.01.08"]
[Round "?"]
[White "kungzeb"]
[Black "moshessin"]
[Result "0-1"]
[WhiteElo "1836"]
[BlackElo "1834"]
[PlyCount "70"]
[EventDate "2018.??.??"]

1. e4 e5 2. Nf3 Nc6 3. c3 Nf6 4. d4 exd4 5. e5 d6 6. exf6 Qxf6 7. Nxd4 Be7 8.
Nxc6 bxc6 9. Qf3 O-O 10. Qxf6 Bxf6 11. Bc4 Bb7 12. O-O d5 13. Bb3 Rfe8 14. Bf4
Rac8 15. Nd2 g6 16. Nf3 Re2 17. Rab1 Rce8 18. Rfe1 Ba6 19. Rxe2 Rxe2 20. Bxc7
Bd3 21. Re1 Rxb2 22. Be5 Bd8 23. Bd4 Be4 24. h3 Ba5 25. Nh2 Rb1 26. Rxb1 Bxb1
27. f4 Bc7 28. Bxa7 Bxf4 29. Bd4 Bf5 30. Nf3 Bd7 31. g4 Bd6 32. Kg2 c5 33. Bf2
d4 34. cxd4 Bc6 35. Bd1 c4 0-1

[Event "FICS rated blitz game"]
[Site "FICS freechess.org"]
[Date "2018.01.08"]
[Round "?"]
[White "bukowskic"]
[Black "tsaar"]
[Result "0-1"]
[WhiteElo "1596"]
[BlackElo "1622"]
[PlyCount "42"]
[EventDate "2018.??.??"]
[EventType "blitz"]

1. e4 e5 2. c3 Nc6 3. Nf3 f5 4. exf5 d5 5. Bb5 Bd6 6. Bxc6+ bxc6 7. O-O Bxf5 8.
Re1 Qf6 9. d4 e4 10. Nfd2 Ne7 11. Nb3 h5 12. h3 g5 13. f3 O-O-O 14. fxe4 Bxe4
15. N1d2 g4 16. Nxe4 dxe4 17. Rxe4 gxh3 18. gxh3 Rhg8+ 19. Kh1 Rdf8 20. Qe2
Qf1+ 21. Qxf1 Rxf1# {White checkmated} 0-1

[Event "FICS rated blitz game"]
[Site "FICS freechess.org"]
[Date "2018.01.08"]
[Round "?"]
[White "mougly"]
[Black "PublicPawn"]
[Result "1-0"]
[WhiteElo "1390"]
[BlackElo "1246"]
[PlyCount "58"]
[EventDate "2018.??.??"]
[EventType "blitz"]

1. e4 e5 2. Nf3 Nc6 3. c3 d5 4. exd5 Qxd5 5. c4 Qd8 6. Nc3 Nf6 7. Be2 e4 8. Ng1
Bc5 9. d4 Nxd4 10. Be3 b6 11. Bxd4 Qxd4 12. Qxd4 Bxd4 13. Rd1 c5 14. Nh3 Bb7
15. Nb5 Be5 16. f4 a6 17. fxe5 axb5 18. exf6 O-O 19. fxg7 Rfe8 20. a3 bxc4 21.
Bxc4 e3 22. Rd7 Bxg2 23. Bxf7+ Kxg7 24. Rg1 Kf6 25. Rxg2 Re7 26. Rxe7 Kxe7 27.
Bc4 Re8 28. Re2 Kd6 29. b3 Ke5 {Black resigns} 1-0

[Event "FICS rated blitz game"]
[Site "FICS freechess.org"]
[Date "2018.01.08"]
[Round "?"]
[White "awitaliy"]
[Black "farshadhassani"]
[Result "1-0"]
[WhiteElo "1384"]
[BlackElo "1445"]
[PlyCount "49"]
[EventDate "2018.??.??"]
[EventType "blitz"]

1. e4 e5 2. Nf3 Nc6 3. c3 Bc5 4. Bd3 d6 5. h3 Be6 6. O-O Nf6 7. Bc2 h6 8. d4
exd4 9. cxd4 Bc4 10. dxc5 Bxf1 11. Qxf1 dxc5 12. e5 Nd7 13. e6 fxe6 14. Bg6+
Kf8 15. Qc4 Nce5 16. Qxe6 Nxg6 17. Qxg6 Nf6 18. Nc3 Qd6 19. Be3 Re8 20. Nb5 Qc6
21. a4 a6 22. Nc3 Re6 23. Qf5 Ke7 24. Bxc5+ Ke8 25. Nd4 {Black resigns} 1-0

[Event "FICS rated blitz game"]
[Site "FICS freechess.org"]
[Date "2018.01.08"]
[Round "?"]
[White "SargonV"]
[Black "cyranodebergerac"]
[Result "1-0"]
[WhiteElo "1486"]
[BlackElo "1404"]
[PlyCount "83"]
[EventDate "2018.??.??"]
[EventType "blitz"]

1. e4 e5 2. Nf3 Nc6 3. c3 d5 4. Qa4 dxe4 5. Nxe5 Bd7 6. Nxd7 Qxd7 7. Qxe4+ Be7
8. d4 Nf6 9. Qh4 Ng4 10. Qg3 Bd6 11. Bf4 O-O-O 12. Be2 h5 13. O-O Rhe8 14. Bxg4
hxg4 15. Nd2 g5 16. Bxd6 cxd6 17. f3 Re2 18. Rad1 gxf3 19. Qxf3 Qe7 20. Qxf7
Qe3+ 21. Kh1 Rxd2 22. Qf5+ Kb8 23. Rde1 Re2 24. Rxe2 Qxe2 25. Rf2 Qe1+ 26. Rf1
Qd2 27. Rf2 Qc1+ 28. Rf1 Qxb2 29. Qxg5 Qxa2 30. d5 Rc8 31. dxc6 Rxc6 32. Qd8+
Rc8 33. Qxd6+ Ka8 34. h4 Qc4 35. Rf3 Qxh4+ 36. Kg1 Qe1+ 37. Kh2 Qh4+ 38. Kg1
Qe1+ 39. Rf1 Qe3+ 40. Rf2 Re8 41. Qd2 Qh6 42. Re2 1-0

[Event "Sofia MGU op 201st"]
[Site "Sofia"]
[Date "2018.01.07"]
[Round "6"]
[White "Simeonov, Daniel"]
[Black "Kostov, Nikolai"]
[Result "0-1"]
[WhiteElo "1576"]
[BlackElo "1631"]
[PlyCount "56"]
[EventDate "2018.01.06"]
[EventType "swiss"]
[EventRounds "6"]
[EventCountry "BUL"]
[SourceTitle "OM OTB B 201907"]
[Source "Opening Master"]
[SourceDate "2019.07.06"]
[SourceVersion "2"]
[SourceVersionDate "2019.07.06"]
[SourceQuality "1"]

1. e4 e5 2. Nf3 Nc6 3. c3 d5 4. exd5 Qxd5 5. Be2 e4 6. Ng1 Bf5 7. Qb3 Qxb3 8.
axb3 Ne5 9. Ra5 Bd6 10. f3 exf3 11. Nxf3 Nd3+ 12. Bxd3 Bxd3 13. Ra1 O-O-O 14.
Kf2 Bc5+ 15. Kg3 Nf6 16. Re1 Ne4+ 17. Kh3 Rd6 18. Na3 Rh6+ 19. Kg4 Rg6+ 20. Kf4
Nf6 21. Ne5 Nh5+ 22. Kf3 Rf6+ 23. Kg4 Bg6 24. Nxg6 hxg6 25. d4 Bd6 26. Bg5 Rf2
27. g3 f5+ 28. Kh3 Nf4# 0-1

[Event "FICS rated blitz game"]
[Site "FICS freechess.org"]
[Date "2018.01.07"]
[Round "?"]
[White "fabiuscu"]
[Black "sirmokk"]
[Result "0-1"]
[WhiteElo "1132"]
[BlackElo "1413"]
[PlyCount "66"]
[EventDate "2018.??.??"]
[EventType "blitz"]

1. e4 e5 2. Nf3 Nc6 3. c3 Bc5 4. b4 Bb6 5. a4 a5 6. b5 Nce7 7. c4 Nf6 8. Nc3
O-O 9. d3 Bd4 10. Bb2 c6 11. Rb1 cxb5 12. Nxb5 Bxb2 13. Rxb2 d5 14. cxd5 Bg4
15. h3 Bh5 16. g4 Bg6 17. Nh4 Nd7 18. Nf5 Nc5 19. Ra2 Rc8 20. Na7 Rc7 21. Nb5
Rc8 22. Na7 Ra8 23. Nb5 Nxd5 24. exd5 Qxd5 25. Nc7 Qxh1 26. Nxa8 Rxa8 27. Ne7+
Kh8 28. Nxg6+ hxg6 29. Rb2 Rd8 30. Rxb7 Nxd3+ 31. Ke2 Nf4+ 32. Ke3 Rxd1 33.
Rxf7 Qxf1 {White resigns} 0-1

[Event "FICS rated blitz game"]
[Site "FICS freechess.org"]
[Date "2018.01.07"]
[Round "?"]
[White "mougly"]
[Black "BobbyFichas"]
[Result "0-1"]
[WhiteElo "1390"]
[BlackElo "1406"]
[PlyCount "42"]
[EventDate "2018.??.??"]
[EventType "blitz"]

1. e4 e5 2. Nf3 Nc6 3. c3 Nd4 4. cxd4 exd4 5. Nxd4 Bc5 6. Nf3 d5 7. Qc2 dxe4 8.
Qxe4+ Kf8 9. Nc3 Nf6 10. Qc4 Qe7+ 11. Be2 Be6 12. Qb5 c6 13. Qa4 b5 14. Qd1 b4
15. Na4 Bd6 16. O-O Re8 17. Re1 Bd5 18. b3 Bxf3 19. gxf3 Qe5 20. Bb2 Qxh2+ 21.
Kf1 Qh1# {White checkmated} 0-1

[Event "FICS rated blitz game"]
[Site "FICS freechess.org"]
[Date "2018.01.07"]
[Round "?"]
[White "vavroch"]
[Black "emmanuelde"]
[Result "0-1"]
[WhiteElo "1701"]
[BlackElo "1571"]
[PlyCount "138"]
[EventDate "2018.??.??"]
[EventType "blitz"]

1. e4 e5 2. c3 Nc6 3. Nf3 d6 4. Bb5 Bd7 5. d4 exd4 6. cxd4 Nge7 7. Nc3 g6 8.
Bg5 Bg7 9. d5 Ne5 10. Nxe5 Bxe5 11. Bxd7+ Qxd7 12. Qb3 O-O-O 13. f4 Qg4 14.
Bxe7 Rde8 15. fxe5 Rxe7 16. exd6 cxd6 17. O-O f5 18. exf5 gxf5 19. Qd1 Qg5 20.
Rc1 Kb8 21. Qf3 Rg8 22. g3 h5 23. Qf4 Qg6 24. Rce1 Rh7 25. Re6 Qg4 26. Qxd6+
Ka8 27. Qf4 Qxf4 28. Rxf4 h4 29. Kf2 hxg3+ 30. hxg3 Rh2+ 31. Kf3 a6 32. Re2 Rh3
33. Rg2 Rf8 34. d6 Kb8 35. Nd5 Rd8 36. Ne7 Rxd6 37. Nxf5 Rd3+ 38. Ke2 Rd5 39.
Ne7 Rd7 40. Re4 Rh7 41. Nf5 Rhf7 42. g4 Rd5 43. Re8+ Ka7 44. Rf2 Rc7 45. Re7
Rc2+ 46. Kf3 Rc1 47. Rfe2 Rb5 48. R7e3 Rb1 49. b3 a5 50. a4 Rb4 51. Nd6 Rf1+
52. Kg2 Rh1 53. Nb5+ Rxb5 54. Re8 Rxb3 55. Kxh1 Rb4 56. R8e7 Rxa4 57. R2e6 Rb4
58. Rd7 a4 59. Ree7 Ka6 60. Rd6+ b6 61. Re5 Rb3 62. Rdd5 Rb1+ 63. Kh2 Rb3 64.
Kg2 Rb2+ 65. Kg3 a3 66. Kh4 Rb3 67. Kg5 Rg3 68. Ra5+ Kb7 69. Ra4 Rxg4+ 0-1

[Event "FICS rated blitz game"]
[Site "FICS freechess.org"]
[Date "2018.01.07"]
[Round "?"]
[White "kiknit"]
[Black "chessBULLY"]
[Result "1-0"]
[WhiteElo "1444"]
[BlackElo "1507"]
[PlyCount "97"]
[EventDate "2018.??.??"]
[EventType "blitz"]

1. e4 e5 2. Nf3 Nc6 3. c3 d6 4. Bc4 Bg4 5. h3 Bxf3 6. Qxf3 Nf6 7. O-O Be7 8. d3
a6 9. Nd2 Na7 10. a3 b5 11. Ba2 c5 12. c4 O-O 13. h4 Rb8 14. g3 h6 15. Kg2 Nh7
16. Qg4 a5 17. cxb5 Rxb5 18. b4 axb4 19. axb4 Rxb4 20. Nc4 Nc6 21. Ba3 Rb7 22.
Ne3 Nd4 23. Nd5 Nf6 24. Nxe7+ Qxe7 25. Qd1 Nh7 26. Qg4 Kh8 27. Bd5 f5 28. exf5
Rc7 29. Qg6 Nxf5 30. Be4 Rf6 31. Qg4 Nd4 32. Rab1 Qf8 33. Bc1 Rcf7 34. Rb6
Rxf2+ 35. Rxf2 Rxf2+ 36. Kh3 Nf6 37. Qg6 Nxe4 38. dxe4 Rf6 39. Qh5 Qc8+ 40. Kg2
Qc7 41. Ra6 c4 42. Ra8+ Kh7 43. Qe8 Qc6 44. Qh8+ Kg6 45. h5+ Kf7 46. Qg8+ Ke7
47. Qxg7+ Rf7 48. Qxh6 Qxa8 49. Qg5+ 1-0

[Event "FICS rated standard game"]
[Site "FICS freechess.org"]
[Date "2018.01.07"]
[Round "?"]
[White "Nidifugous"]
[Black "RussianRoulet"]
[Result "1-0"]
[WhiteElo "1511"]
[BlackElo "1508"]
[PlyCount "72"]
[EventDate "2018.??.??"]

1. e4 e5 2. Nf3 Nc6 3. c3 d5 4. exd5 Qxd5 5. Qb3 Qxb3 6. axb3 Bd7 7. Bc4 h6 8.
b4 e4 9. Ng1 Ne5 10. Be2 Nf6 11. f4 Nd3+ 12. Bxd3 exd3 13. Nf3 Bc6 14. Ra5 b6
15. Re5+ Be7 16. Na3 Nd7 17. Re3 a5 18. b5 Bxf3 19. Rxf3 Nc5 20. O-O O-O 21.
Re1 Ne6 22. f5 Ng5 23. Rxd3 Rad8 24. Rde3 Bc5 25. d4 Rxd4 26. cxd4 Bxd4 27. Kh1
Bxe3 28. Bxe3 Re8 29. Nc4 Kf8 30. Rd1 Ne4 31. h3 Ng3+ 32. Kh2 Ne4 33. Rd7 c5
34. bxc6 Rc8 35. c7 b5 36. Nb6 Nc5 {Black resigns} 1-0

[Event "FICS rated blitz game"]
[Site "FICS freechess.org"]
[Date "2018.01.07"]
[Round "?"]
[White "morts"]
[Black "tuvo"]
[Result "1-0"]
[WhiteElo "1112"]
[BlackElo "1137"]
[PlyCount "55"]
[EventDate "2018.??.??"]
[EventType "blitz"]

1. e4 e5 2. Nf3 Nc6 3. c3 d6 4. d3 Bg4 5. Nbd2 Nf6 6. g3 h6 7. Bg2 d5 8. O-O
dxe4 9. dxe4 Bc5 10. Qb3 b6 11. Qa4 Qd7 12. b4 Be7 13. b5 Nd8 14. Nxe5 Qe6 15.
Nxg4 Qxg4 16. Bf3 Qe6 17. e5 Nd5 18. Qb3 O-O 19. Bxd5 Qxe5 20. Bxa8 Ne6 21. Bg2
Nc5 22. Qc2 Rd8 23. Nf3 Qf6 24. Be3 Nd3 25. Rad1 Bd6 26. Rxd3 Bxg3 27. Rxd8+
Qxd8 28. fxg3 {Black resigns} 1-0

[Event "FICS rated blitz game"]
[Site "FICS freechess.org"]
[Date "2018.01.07"]
[Round "?"]
[White "BiH"]
[Black "ddaannyy"]
[Result "0-1"]
[WhiteElo "1673"]
[BlackElo "1660"]
[PlyCount "90"]
[EventDate "2018.??.??"]
[EventType "blitz"]

1. e4 e5 2. Nf3 Nc6 3. c3 Nf6 4. d4 exd4 5. e5 Ne4 6. cxd4 d5 7. a3 Be7 8. h3
O-O 9. Nc3 f5 10. Bd3 Be6 11. O-O Qd7 12. Kh2 h6 13. h4 Kh8 14. g3 Rf7 15. Ne2
Rg8 16. Nf4 g5 17. hxg5 hxg5 18. Nxe6 Qxe6 19. Kg2 Rh7 20. Rh1 f4 21. Qc2 Rxh1
22. Kxh1 fxg3 23. Bxe4 dxe4 24. Qxe4 gxf2 25. Kg2 g4 26. Nd2 g3 27. Nf1 Qg4 28.
Qxg4 Rxg4 29. Be3 Bg5 30. Bxg5 Rxg5 31. Nxg3 Nxd4 32. Kxf2 Rxe5 33. Rd1 c5 34.
Rd3 Kg7 35. b4 b6 36. Kg2 Kf6 37. Kf2 Ke6 38. Nf1 Kd5 39. bxc5 bxc5 40. Ne3+
Kc6 41. Rc3 Nb5 42. Rb3 Nd4 43. Rc3 a5 44. a4 Rh5 45. Nc4 Rh2+ 0-1

[Event "FICS rated standard game"]
[Site "FICS freechess.org"]
[Date "2018.01.07"]
[Round "?"]
[White "tuffshaq"]
[Black "scalaQueen"]
[Result "1/2-1/2"]
[WhiteElo "1756"]
[BlackElo "1792"]
[PlyCount "65"]
[EventDate "2018.??.??"]

1. e4 e5 2. Nf3 Nc6 3. c3 f5 4. Qc2 fxe4 5. Qxe4 b6 6. Bc4 Nf6 7. Qe2 Qe7 8.
O-O a6 9. a3 b5 10. Ba2 d5 11. d4 e4 12. Nfd2 Bf5 13. Re1 Kd7 14. Nb3 Qe6 15.
Bf4 h6 16. N1d2 g5 17. Bg3 h5 18. h3 h4 19. Bh2 g4 20. Be5 Nxe5 21. dxe5 Qxe5
22. Nd4 gxh3 23. Nxf5 Qxf5 24. Nf1 Qg5 25. g3 hxg3 26. fxg3 Bc5+ 27. Kh1 Ng4
28. Rad1 c6 29. b4 Nf2+ 30. Kh2 Ng4+ 31. Kh1 Nf2+ 32. Kh2 Ng4+ 33. Kh1 1/2-1/2

[Event "FICS rated blitz game"]
[Site "FICS freechess.org"]
[Date "2018.01.07"]
[Round "?"]
[White "vavroch"]
[Black "yuripn"]
[Result "0-1"]
[WhiteElo "1675"]
[BlackElo "1793"]
[PlyCount "38"]
[EventDate "2018.??.??"]
[EventType "blitz"]

1. e4 e5 2. c3 Nc6 3. Nf3 Bc5 4. d4 exd4 5. cxd4 Bb6 6. Nc3 d6 7. d5 Nce7 8.
Qe2 h6 9. Be3 Nf6 10. Bxb6 axb6 11. a3 O-O 12. Qc2 Re8 13. Bd3 Nexd5 14. Nxd5
Nxd5 15. O-O Nf4 16. Bc4 Be6 17. Bxe6 Rxe6 18. Nd2 Qg5 19. Kh1 Qxg2# {White
checkmated} 0-1

[Event "FICS rated blitz game"]
[Site "FICS freechess.org"]
[Date "2018.01.07"]
[Round "?"]
[White "Pjani"]
[Black "ctcctc"]
[Result "1-0"]
[WhiteElo "1120"]
[BlackElo "1148"]
[PlyCount "37"]
[EventDate "2018.??.??"]
[EventType "blitz"]

1. e4 e5 2. Nf3 Nc6 3. c3 f5 4. exf5 Nf6 5. d4 exd4 6. Nxd4 d5 7. f3 Bc5 8. g4
Nd7 9. Qe2+ Kf7 10. Qe6+ Kf8 11. Qe2 Kf7 12. Qe6+ Kf8 13. Bf4 Bxd4 14. cxd4
Nxd4 15. Qxd5 Nc2+ 16. Kd2 Nxa1 17. Bc4 Ke7 18. Re1+ Kf6 19. Qe6# {Black
checkmated} 1-0

[Event "FICS rated blitz game"]
[Site "FICS freechess.org"]
[Date "2018.01.07"]
[Round "?"]
[White "BiH"]
[Black "gargiulo"]
[Result "1-0"]
[WhiteElo "1672"]
[BlackElo "1611"]
[PlyCount "27"]
[EventDate "2018.??.??"]
[EventType "blitz"]

1. e4 e5 2. Nf3 Nc6 3. c3 d6 4. d4 exd4 5. cxd4 Bd7 6. Nc3 Nf6 7. h3 h5 8. a3
h4 9. Bd3 Qe7 10. O-O O-O-O 11. Re1 g6 12. Nd5 Qe6 13. Ng5 Qe7 14. Nxe7+ {
Black resigns} 1-0

[Event "FICS rated blitz game"]
[Site "FICS freechess.org"]
[Date "2018.01.07"]
[Round "?"]
[White "Tensecterror"]
[Black "guybrushh"]
[Result "1-0"]
[WhiteElo "1282"]
[BlackElo "1239"]
[PlyCount "39"]
[EventDate "2018.??.??"]
[EventType "blitz"]

1. e4 e5 2. Nf3 Nc6 3. c3 Bc5 4. d4 exd4 5. cxd4 Bb6 6. d5 Na5 7. Nc3 d6 8. h3
Nf6 9. Bb5+ Bd7 10. Bxd7+ Qxd7 11. O-O O-O 12. Bg5 Qe7 13. Re1 h6 14. Bh4 c6
15. e5 dxe5 16. Rxe5 Qc7 17. Bxf6 gxf6 18. Rh5 Rfe8 19. Qd2 Qd6 20. Qxh6 {
Black resigns} 1-0

[Event "FICS rated blitz game"]
[Site "FICS freechess.org"]
[Date "2018.01.07"]
[Round "?"]
[White "mougly"]
[Black "BobbyFichas"]
[Result "1-0"]
[WhiteElo "1390"]
[BlackElo "1406"]
[PlyCount "75"]
[EventDate "2018.??.??"]
[EventType "blitz"]

1. e4 e5 2. Nf3 Nc6 3. c3 f5 4. exf5 d6 5. d3 Bxf5 6. Be2 Qf6 7. O-O g6 8. Bg5
Qg7 9. Qb3 Rb8 10. Nbd2 Be7 11. Bxe7 Ngxe7 12. Ne4 g5 13. Nfxg5 h6 14. Bh5+ Kd7
15. Nf7 Rhg8 16. Ng3 Bg6 17. Bxg6 Qxg6 18. d4 Qxf7 19. Qxf7 exd4 20. cxd4 Nxd4
21. Rae1 Ndc6 22. Nf5 Rgf8 23. Rxe7+ Nxe7 24. Qxe7+ Kc6 25. Rc1+ Kb6 26. Qe3+
c5 27. Nxd6 Rbc8 28. Nxc8+ Rxc8 29. Qe6+ Rc6 30. Qb3+ Kc7 31. Re1 Rd6 32. Qc4
Kc6 33. Qa4+ Kc7 34. Qxa7 Kc6 35. Qa4+ Kc7 36. Re7+ Kd8 37. Rxb7 Kc8 38. Qa8# {
Black checkmated} 1-0

[Event "FICS rated blitz game"]
[Site "FICS freechess.org"]
[Date "2018.01.07"]
[Round "?"]
[White "BiH"]
[Black "AramuMuru"]
[Result "0-1"]
[WhiteElo "1679"]
[BlackElo "1708"]
[PlyCount "94"]
[EventDate "2018.??.??"]
[EventType "blitz"]

1. e4 e5 2. Nf3 Nc6 3. c3 d6 4. d4 Be7 5. d5 Nb8 6. h3 Nf6 7. Bd3 h6 8. c4 g5
9. Be3 g4 10. hxg4 Nxg4 11. Bd2 h5 12. Nc3 Nd7 13. b4 a5 14. b5 Nc5 15. Bc2 b6
16. a4 Bd7 17. Qe2 Qc8 18. Bg5 f5 19. Bxe7 Kxe7 20. exf5 Bxf5 21. Nh4 Bxc2 22.
Qxc2 Qf8 23. Ng6+ Kd7 24. Nxf8+ Raxf8 25. f3 Ne3 26. Qe2 Nf5 27. Rh3 h4 28. Ne4
Nb3 29. Rd1 Nbd4 30. Qd2 Rfg8 31. g4 hxg3 32. Rxh8 Rxh8 33. Qg2 Rh2 34. Qxh2
gxh2 35. Kf2 Nh4 36. Nd2 Ndf5 37. Rh1 Ke7 38. Rxh2 Kf6 39. Ne4+ Kg6 40. Ng3 Kg5
41. Nxf5 Nxf5 42. Rg2+ Kf6 43. Rg4 Nd4 44. Rxd4 exd4 45. Ke2 Ke5 46. Kd3 Kf4
47. Kxd4 Kxf3 0-1

[Event "FICS rated blitz game"]
[Site "FICS freechess.org"]
[Date "2018.01.07"]
[Round "?"]
[White "lopencjo"]
[Black "densuprun"]
[Result "1-0"]
[WhiteElo "1885"]
[BlackElo "1750"]
[PlyCount "67"]
[EventDate "2018.??.??"]
[EventType "blitz"]

1. e4 e5 2. Nf3 Nc6 3. c3 Nf6 4. d4 Nxe4 5. d5 Ne7 6. Nxe5 Nf6 7. c4 d6 8. Nf3
b5 9. Bg5 Ng6 10. cxb5 h6 11. Be3 Bf5 12. Nc3 Ne5 13. Nd4 Bg4 14. Be2 Be7 15.
Nc6 Qd7 16. Nxe5 Bxe2 17. Nxd7 Bxd1 18. Nxf6+ Bxf6 19. Rxd1 Rb8 20. a4 O-O 21.
O-O a6 22. Bd4 Bg5 23. f4 Be7 24. f5 Bg5 25. Ne4 f6 26. Nxg5 hxg5 27. bxa6 Rb4
28. a7 Rxa4 29. Rf3 Ra8 30. Ra3 Rb4 31. Rdd3 Rb5 32. Rab3 Rxb3 33. Rxb3 Rxa7
34. Bxa7 {Black resigns} 1-0

[Event "FICS rated blitz game"]
[Site "FICS freechess.org"]
[Date "2018.01.07"]
[Round "?"]
[White "kiknit"]
[Black "chessBULLY"]
[Result "1-0"]
[WhiteElo "1441"]
[BlackElo "1510"]
[PlyCount "53"]
[EventDate "2018.??.??"]
[EventType "blitz"]

1. e4 e5 2. Nf3 Nc6 3. c3 Bc5 4. d4 exd4 5. cxd4 Bb4+ 6. Nc3 Qf6 7. Be2 Nge7 8.
e5 Qf5 9. Nh4 Qe4 10. Nf3 d6 11. O-O Bxc3 12. bxc3 dxe5 13. Ng5 Qf5 14. h3 h6
15. Bg4 Qf6 16. Ne4 Bxg4 17. Nxf6+ gxf6 18. Qxg4 f5 19. Qg7 O-O-O 20. dxe5 Rhg8
21. Qxf7 Rdf8 22. Qe6+ Kb8 23. Qxh6 Nxe5 24. Qe6 Nf3+ 25. Kh1 Nh4 26. Qxe7 Rxg2
27. Qxf8# {Black checkmated} 1-0

[Event "FICS rated blitz game"]
[Site "FICS freechess.org"]
[Date "2018.01.07"]
[Round "?"]
[White "BiH"]
[Black "Dadik"]
[Result "1-0"]
[WhiteElo "1678"]
[BlackElo "1640"]
[PlyCount "93"]
[EventDate "2018.??.??"]
[EventType "blitz"]

1. e4 e5 2. Nf3 Nc6 3. c3 Nf6 4. d4 Nxe4 5. d5 Ne7 6. Nxe5 d6 7. Nc4 Nf6 8. Ne3
g6 9. c4 Bg7 10. Nc3 O-O 11. Be2 Re8 12. O-O c6 13. h3 cxd5 14. Ncxd5 Nexd5 15.
cxd5 b6 16. Bc4 Bb7 17. Qd3 Rc8 18. Bb3 Nd7 19. Ba4 Nc5 20. Qa3 Nxa4 21. Qxa4
Qf6 22. Rb1 a5 23. Qb5 Qd8 24. Bd2 Rc5 25. Qd3 Qc8 26. Rfc1 Ba6 27. Qa3 Qc7 28.
b4 Rxc1+ 29. Rxc1 Qd8 30. bxa5 bxa5 31. Qxa5 Qxa5 32. Bxa5 Ra8 33. a4 Bb2 34.
Rc7 Bd3 35. Bb6 Rxa4 36. Rc8+ Kg7 37. Bd8 Ra1+ 38. Kh2 Be5+ 39. g3 Be4 40. Ng2
Ra2 41. Bb6 Bxg3+ 42. Kxg3 h5 43. h4 Ra3+ 44. Kh2 Ra2 45. Bd4+ Kh7 46. Kg3 Bxd5
47. Rh8# {Black checkmated} 1-0

[Event "FICS rated blitz game"]
[Site "FICS freechess.org"]
[Date "2018.01.07"]
[Round "?"]
[White "willyaplayme"]
[Black "cptkidd"]
[Result "1-0"]
[WhiteElo "1346"]
[BlackElo "1289"]
[PlyCount "65"]
[EventDate "2018.??.??"]
[EventType "blitz"]

1. e4 e5 2. Nf3 Nc6 3. c3 Nf6 4. Qe2 Bc5 5. h3 d6 6. d3 Be6 7. Nbd2 d5 8. g3 d4
9. a3 dxc3 10. bxc3 Qe7 11. Ng5 O-O-O 12. Nxe6 Qxe6 13. Bg2 Qd6 14. d4 exd4 15.
c4 d3 16. Qf3 Qe5 17. Rb1 Nd4 18. Qd1 Rhe8 19. h4 h5 20. O-O Ng4 21. Bh3 Re6
22. Nf3 Nxf3+ 23. Qxf3 f6 24. Be3 Nxe3 25. fxe3 Qxe4 26. Bxe6+ Qxe6 27. Kg2 d2
28. Rbd1 Bxe3 29. Qf5 Qxf5 30. Rxf5 Rd3 31. Rxh5 Rxa3 32. Rh8+ Kd7 33. Rh7 1-0

[Event "FICS rated blitz game"]
[Site "FICS freechess.org"]
[Date "2018.01.07"]
[Round "?"]
[White "awitaliy"]
[Black "tboeker"]
[Result "1-0"]
[WhiteElo "1391"]
[BlackElo "1297"]
[PlyCount "61"]
[EventDate "2018.??.??"]
[EventType "blitz"]

1. e4 e5 2. Nf3 Nc6 3. c3 Bc5 4. Bd3 Nf6 5. Bc2 O-O 6. O-O a6 7. a3 Re8 8. h3
d6 9. Nh2 Be6 10. Kh1 Qd7 11. Nf3 Bxh3 12. d4 Bxg2+ 13. Kxg2 Qg4+ 14. Kh1 Qh3+
15. Nh2 exd4 16. Qf3 Qxf3+ 17. Nxf3 dxc3 18. Nxc3 Ne5 19. Ng5 Nfg4 20. f4 Ne3
21. Bxe3 Bxe3 22. Nd5 Ng6 23. Nxe3 d5 24. Nxd5 Rad8 25. Bb3 c6 26. Ne3 Rd3 27.
Bxf7+ Kh8 28. Bxe8 Rxe3 29. Bxg6 hxg6 30. Rad1 Rh3+ 31. Nxh3 {Black resigns}
1-0

[Event "FICS rated standard game"]
[Site "FICS freechess.org"]
[Date "2018.01.07"]
[Round "?"]
[White "PickleRick"]
[Black "ChessPM"]
[Result "0-1"]
[WhiteElo "1728"]
[BlackElo "1896"]
[PlyCount "27"]
[EventDate "2018.??.??"]

1. e4 e5 2. Nf3 Nc6 3. c3 Nf6 4. d3 d5 5. exd5 Nxd5 6. Nbd2 Be7 7. h3 O-O 8. g4
f5 9. c4 Ndb4 10. Nb3 e4 11. Nh2 exd3 12. a3 Nc2+ 13. Kd2 Nxa1 14. Bxd3 {
White resigns} 0-1